000 00872cam a2200277 4500
001 2654
005 20240108161103.0
020 _a0688200672
_a0688300677 (lib. bdg.)
020 _aFISBK00235
040 _aDLC
_cDLC
_dDLC
_beng
050 0 0 _aPZ7.C5792
_bSo
082 0 0 _a813
100 1 _aCleary, Beverly
245 1 0 _aSocks /
_cBeverly Cleary ; illustrated by Alan Tiegreen
250 _aFirst Scholastic printing, September 2001
260 _aNew York :
_bScholastic,
_c1973
300 _a156 pages :
_billustrations ;
_c20cm
505 _aZ
520 _aThe happy home life of Socks, the cat, is disrupted by the addition of a new baby to the household.
521 _a890
_bLexile
521 _aZ
_bRaz-Plus
650 1 _aCats
_xFiction.
700 1 _aTiegreen, Alan
_eillustrator
906 _a7
_bcbc
_corignew
_d1
_eocip
_f19
_gy-gencatlg
942 _2ddc
_cBK
_n0
999 _c2654
_d2654